中国各省/世界各国粗钢产量混合top30 China provinces/world countries steel production - Statistics

General Stats
  • This quiz has been taken 98 times
  • The average score is 21 of 28
Answer Stats
省份/国家 粗钢产量 % Correct
美国 8.6
98%
印度 11.8
94%
日本 9.6
89%
德国 4.0
87%
山东 7.6
86%
辽宁 7.5
86%
湖北 3.7
86%
河南 3.3
85%
江苏 11.9
84%
俄罗斯 7.7
84%
山西 6.7
82%
韩国 7.0
81%
湖南 2.6
81%
巴西 3.6
79%
广东 3.2
79%
四川 2.8
79%
内蒙古 3.1
75%
福建 2.5
72%
安徽 3.9
69%
广西 3.7
68%
江西 2.7
65%
意大利 2.3
61%
越南 2.3
60%
云南 2.4
59%
土耳其 4.0
58%
乌克兰 2.1
54%
伊朗 2.8
48%
台湾 2.3
45%
No matching quizzes found
Score Distribution
Percent of People with Each Score
Percentile by Number Answered
Your Score History
You have not taken this quiz